<?xml version="1.0" encoding="UTF-8"?>
<record
    xmlns:xsi="http://www.w3.org/2001/XMLSchema-instance"
    xsi:schemaLocation="http://www.loc.gov/MARC21/slim http://www.loc.gov/standards/marcxml/schema/MARC21slim.xsd"
    xmlns="http://www.loc.gov/MARC21/slim">

  <leader>00417nam a22001457a 4500</leader>
  <controlfield tag="005">20180208095629.0</controlfield>
  <controlfield tag="008">180208b        xxu||||| |||| 00| 0 eng d</controlfield>
  <datafield tag="040" ind1=" " ind2=" ">
    <subfield code="c">PK-LaUMT</subfield>
  </datafield>
  <datafield tag="082" ind1=" " ind2=" ">
    <subfield code="a">PKAC 070.44</subfield>
    <subfield code="b">SAG-C</subfield>
  </datafield>
  <datafield tag="100" ind1=" " ind2=" ">
    <subfield code="a">Sagheer Qamar &lt; Muhammad</subfield>
  </datafield>
  <datafield tag="245" ind1=" " ind2=" ">
    <subfield code="a">Chanaar ki kahani(&#x686;&#x646;&#x627;&#x631; &#x6A9;&#x6CC; &#x6A9;&#x6C1;&#x627;&#x646;&#x6CC;)/</subfield>
    <subfield code="c"> Muhammad Sagheer Qamar</subfield>
  </datafield>
  <datafield tag="260" ind1=" " ind2=" ">
    <subfield code="a">&#x644;&#x627;&#x6C1;&#x648;&#x631;:</subfield>
    <subfield code="b">&#x645;&#x646;&#x634;&#x648;&#x631;&#x627;&#x62A;&#x60C;</subfield>
    <subfield code="c">2007</subfield>
  </datafield>
  <datafield tag="300" ind1=" " ind2=" ">
    <subfield code="a">323</subfield>
  </datafield>
  <datafield tag="942" ind1=" " ind2=" ">
    <subfield code="c">BK</subfield>
  </datafield>
  <datafield tag="999" ind1=" " ind2=" ">
    <subfield code="c">102808</subfield>
    <subfield code="d">102808</subfield>
  </datafield>
  <datafield tag="952" ind1=" " ind2=" ">
    <subfield code="0">0</subfield>
    <subfield code="1">0</subfield>
    <subfield code="4">0</subfield>
    <subfield code="7">0</subfield>
    <subfield code="a">01</subfield>
    <subfield code="b">01</subfield>
    <subfield code="d">2018-02-08</subfield>
    <subfield code="l">0</subfield>
    <subfield code="o">PKAC 070.44 SAG-C</subfield>
    <subfield code="p">118884</subfield>
    <subfield code="r">2018-02-08 00:00:00</subfield>
    <subfield code="w">2018-02-08</subfield>
    <subfield code="y">BK</subfield>
  </datafield>
</record>
